Geology and paleontology of Palos Verdes hills, California, (Record no. 28100)
[ view plain ]
| 000 -LEADER | |
|---|---|
| fixed length control field | 01267cam a22003131 4500 |
| 001 - CONTROL NUMBER | |
| control field | gs 46000123 |
| 003 - CONTROL NUMBER IDENTIFIER | |
| control field | DLC |
| 005 - DATE AND TIME OF LATEST TRANSACTION | |
| control field | 20260227111351.0 |
| 008 - FIXED-LENGTH DATA ELEMENTS--GENERAL INFORMATION | |
| fixed length control field | 830728s1946 dcua f001 0 eng c |
| 010 ## - LIBRARY OF CONGRESS CONTROL NUMBER | |
| LC control number | gs 46000123 |
| 035 ## - SYSTEM CONTROL NUMBER | |
| System control number | (OCoLC)9750491 |
| 040 ## - CATALOGING SOURCE | |
| Original cataloging agency | U.S. Geological Survey. Library |
| Transcribing agency | CPCiC |
| Modifying agency | DLC |
| 043 ## - GEOGRAPHIC AREA CODE | |
| Geographic area code | n-us-ca |
| 050 00 - LIBRARY OF CONGRESS CALL NUMBER | |
| Classification number | QE75 |
| Item number | .P9 no. 207 |
| 051 ## - LIBRARY OF CONGRESS COPY, ISSUE, OFFPRINT STATEMENT | |
| Classification number | QE90.P3 |
| Item number | W6 |
| 082 ## - DEWEY DECIMAL CLASSIFICATION NUMBER | |
| Classification number | 559.94 |
| -- | 557.3 |
| 100 1# - MAIN ENTRY--PERSONAL NAME | |
| Personal name | Woodring, W. P. |
| Fuller form of name | (Wendell Phillips), |
| Dates associated with a name | 1891-1983. |
| 245 10 - TITLE STATEMENT | |
| Title | Geology and paleontology of Palos Verdes hills, California, |
| Statement of responsibility, etc. | by W.P. Woodring, M.N. Bramlette, and W.S.W. Kew. |
| 260 ## - PUBLICATION, DISTRIBUTION, ETC. | |
| Place of publication, distribution, etc. | Washington, |
| Name of publisher, distributor, etc. | U.S. Govt. Print. Off., |
| Date of publication, distribution, etc. | 1946. |
| 300 ## - PHYSICAL DESCRIPTION | |
| Extent | v, 145 p. |
| Other physical details | incl. illus., tables, diagrs. 37 pl. (part fold.) maps (4 fold. in pocket) |
| Dimensions | 29 cm. |
| 440 #0 - SERIES STATEMENT/ADDED ENTRY--TITLE | |
| Title | U.S. Geological Survey professional paper |
| Volume/sequential designation | 207 |
| 500 ## - GENERAL NOTE | |
| General note | At head of title: United States Dept. of the Interior ... Geological Survey ... |
| 504 ## - BIBLIOGRAPHY, ETC. NOTE | |
| Bibliography, etc. note | Bibliography: p. 3-8. |
| 650 #0 - SUBJECT ADDED ENTRY--TOPICAL TERM | |
| Topical term or geographic name entry element | Geology |
| Geographic subdivision | California |
| -- | Los Angeles County. |
| 650 #0 - SUBJECT ADDED ENTRY--TOPICAL TERM | |
| Topical term or geographic name entry element | Paleontology |
| Geographic subdivision | California |
| -- | Los Angeles County. |
| 651 #0 - SUBJECT ADDED ENTRY--GEOGRAPHIC NAME | |
| Geographic name | Palos Verdes Hills (Calif.) |
| 700 1# - ADDED ENTRY--PERSONAL NAME | |
| Personal name | Bramlette, M. N. |
| Fuller form of name | (Milton Nunn), |
| Dates associated with a name | 1896-1977. |
| 700 1# - ADDED ENTRY--PERSONAL NAME | |
| Personal name | Kew, William S. W. |
| Fuller form of name | (William Stephen Webster), |
| Dates associated with a name | 1890- |
No items available.